Statistics for Real Words... or Fakes? #1

Click here to take the quiz!

General Stats

  • This quiz has been taken 21 times
  • The average score is 10 of 15

Answer Stats

QuestionAnswer% Correct
BillgrabberyFake
90%
BallyhooReal
80%
SkullduggeryReal
80%
RazzamatazzReal
80%
Fizz-sizzleFake
75%
KittychooFake
75%
JumblepopFake
70%
DancefooleryFake
70%
TardyslapFake
70%
GobbledygookReal
70%
NinnyhammerReal
65%
FluffernellFake
50%
PendersnipFake
50%
PecksniffianReal
30%
SnickersneeReal
30%

Score Distribution

Percentile by Number Answered

Percent of People with Each Score

Your Score History

You have not taken this quiz